Raffles' banded langur : the elusive monkey of Singapore and Malaysia

Bibliographic Details
Main Author: Ang, Andie
Other Authors: Sabrina Jabbar
Format: Book
Published: Singapore : World Scientific Publishing Co. , 2022
Subjects:

MARC

LEADER 00000cam a2200000 7i4500
001 0000090108
005 20230125114835.0
008 220920
020 |a 9789811241468 (hardback) 
041 |a English 
090 0 0 |a 599.8   |b ANG 
100 1 |a Ang, Andie 
245 1 0 |a Raffles' banded langur :   |b the elusive monkey of Singapore and Malaysia   |c Andie Ang 
260 |a Singapore :   |b World Scientific Publishing Co. ,   |c 2022 
300 |a 165 p. :   |b ill. col. ;   |c 23.5 cm. 
500 |a Includes references 
541 |c Purchased on 2022   |f KPM/JI/136 KPM   |h RM72.50 
650 0 |a Monkeys 
650 0 |a Monkeys   |x Behavior 
700 0 |a Sabrina Jabbar 
730 0 |a Title 
999 |a 0001686945   |b Book   |c Adult Collection   |e Perbadanan Perpustakaan Awam Johor